<?xml version="1.0" encoding="UTF-8"?>
<collection xmlns="http://www.loc.gov/MARC21/slim">
 <record>
  <leader>00515nam a22001575a 4500</leader>
  <controlfield tag="001">EHU.bham012550</controlfield>
  <controlfield tag="003">AR-BHAM</controlfield>
  <controlfield tag="005">20100223150107.0</controlfield>
  <controlfield tag="008">130507s1987##################000#0#####d</controlfield>
  <datafield tag="082" ind1="9" ind2="4">
   <subfield code="a">947.085</subfield>
  </datafield>
  <datafield tag="100" ind1="1" ind2=" ">
   <subfield code="a">Rowen, Henry, Ed.</subfield>
  </datafield>
  <datafield tag="245" ind1="1" ind2="0">
   <subfield code="a">The future of the soviet empire /</subfield>
   <subfield code="c">Henry, Ed. Rowen</subfield>
  </datafield>
  <datafield tag="260" ind1=" " ind2=" ">
   <subfield code="a">New York :</subfield>
   <subfield code="b">Institute For The Contemporary Studies,</subfield>
   <subfield code="c">1987</subfield>
  </datafield>
  <datafield tag="300" ind1=" " ind2=" ">
   <subfield code="a">368 p.</subfield>
  </datafield>
  <datafield tag="653" ind1=" " ind2=" ">
   <subfield code="a">Historia de urss-1945-     [postguerra]</subfield>
  </datafield>
  <datafield tag="859" ind1=" " ind2=" ">
   <subfield code="a">AR-BHAM</subfield>
   <subfield code="b">BIB. HUMANIDADES - General</subfield>
   <subfield code="h">947.085</subfield>
   <subfield code="i">R792</subfield>
   <subfield code="p">475.94</subfield>
   <subfield code="t">Ej.1</subfield>
  </datafield>
 </record>
</collection>
